El Niño y su mundo en la poesía castellana ; antología /

Bibliographic Details
Other Authors: Ortiz, José María (Editor)
Format: Book
Language:Spanish
Published: Madrid : Taurus, [1959]
Series:Ser y tiempo; temas de España, 7
Subjects:

MARC

Tag First Indicator Second Indicator Subfields
LEADER 00000cam a2200000I 4500
001 in00002394865
005 20151109062212.0
008 750221s1959 sp 000 0 spa c
010 |a  67057316  
035 |a (OCoLC)ocm01184842 
035 |a (OCoLC)1184842 
040 |a NAM  |c NAM  |d TXA  |d UtOrBLW 
049 |a TXAM 
050 0 0 |a PQ6208.C4  |b N5 
090 |a PQ6208.C4  |b N5 1959 
245 0 3 |a El Niño y su mundo en la poesía castellana ;  |b antología /  |c [Recopilación: José María Ortiz]. 
264 1 |a Madrid :  |b Taurus,  |c [1959] 
300 |a 142 pages ;  |c 19 cm. 
336 |a text  |b txt  |2 rdacontent 
337 |a unmediated  |b n  |2 rdamedia 
338 |a volume  |b nc  |2 rdacarrier 
490 0 |a Ser y tiempo; temas de España,  |v 7 
650 0 |a Children in literature. 
650 0 |a Spanish poetry. 
700 1 |a Ortiz, José María,  |e editor. 
948 |a cataloged  |b h  |c 2008/6/3  |d c  |e vilik  |f 9:38:32 am 
994 |a C0  |b TXA 
999 |a MARS 
999 f f |s 51a114c9-f2dd-3ce4-bad1-e9d3569c2277  |i ae202fb6-f680-337e-98bc-e18c21ef3639  |t 0 
952 f f |p ric  |a Texas A&M University  |b Rellis Campus  |c Joint Library Facility  |d Remote Storage  |t 0  |e PQ6208.C4 N5 1959  |h Library of Congress classification  |i unmediated -- volume  |m A14837246799 
998 f f |a PQ6208.C4 N5 1959  |t 0  |l Remote Storage